| 000 | 00780cam a2200265 i 4500 | ||
|---|---|---|---|
| 001 | 847292 | ||
| 003 | ARRUPE | ||
| 005 | 20130917142000.0 | ||
| 008 | 780905s1979 nyu b 000 0 eng | ||
| 010 | _a 78010545 | ||
| 020 |
_a0064916219 : _c$17.50 |
||
| 040 |
_aDLC _cDLC _dDLC |
||
| 043 | _ae------ | ||
| 050 | 0 | 0 |
_aB780.M3 _bR46 1979 |
| 082 | 0 | 0 | _a128 |
| 245 | 0 | 0 |
_aRenaissance views of man / _cStevie Davies, [editor]. |
| 260 |
_aNew York : _bBarnes & Noble, _c1979. |
||
| 300 |
_axi, 203 p. ; _c21 cm. |
||
| 440 | 0 |
_aLiterature in context _9325 |
|
| 650 | 0 |
_aPhilosophical anthropology _xHistory. _9326 |
|
| 650 | 0 |
_aPhilosophy, Renaissance. _9327 |
|
| 700 | 1 |
_aDavies, Stevie. _9328 |
|
| 906 |
_a7 _bcbc _corignew _d1 _eocip _f19 _gy-gencatlg |
||
| 942 |
_2lcc _cMONOGRAPH |
||
| 999 |
_c117826 _d117826 |
||